000 00624nam a2200229Ia 4500
003 OSt
005 20220928101620.0
006 a|||||r|||| 00| 0
007 ta
008 220927b |||||||| |||| 00| 0 eng d
024 _a52081
037 _cTextual
040 _aSDCL
_cSDCL
_beng
041 _2eng
_aeng
082 _aO152,3M98,4, 152K9
100 _aVandhopadhayay Tara Shankar
_9392634
245 0 _aSaptpadi.
260 _aDelhi
_bRajkamal Prakashan
_c1969
300 _a102p.
_ccm.
942 _hO152,3M98,4, 152K9
_cTEXL
_2CC
999 _c708357
_d708357